Plan Educativo Institucional del Jardín Botánico José Celestino Mutis (Registro nro. 8769)

Detalles MARC
000 -CABECERA
Campo de control 00845nam a22002417a 4500
005 - FECHA Y HORA DE LA ULTIMA TRANSACCION
Campo de control 20180226161039.0
008 - ELEMENTOS DE LONGITUD FIJA—INFORMACION GENERAL
Campo de control 141108b ck |||||r||||a00| 0 spa d
020 ## - ISBN
ISBN 9789589774939
040 ## - FUENTE DE CATALOGACIÓN
Agencia catalogadora original CO-BoIAVH
Agencia transcriptora CO-BoIAVH
041 ## - IDIOMA
Código de idioma para texto/pista de sonido o título separado Español
044 ## - PAÍS DE PUBLICACIÓN
País de publicación Colombia
082 04 - NUMERO DE CLASIFICACION DECIMAL DEWEY
Número de clasificación 634.92
Número del ítem R69p
100 1# - ASIENTO PRINCIPAL--NOMBRE PERSONAL
Nombre personal Rodriguez-Angarita, Tania Elena
245 10 - MENCION DE TITULO
Título Plan Educativo Institucional del Jardín Botánico José Celestino Mutis
Parte restante del título Tania Rodriguez ... [et al.]
260 ## - PUBLICACION, DISTRIBUCION, ETC. (PIE DE IMPRENTA)
Lugar de publicación, distribución, etc. Bogotá:
Nombre del editor, distribuidor, etc. Jardín Botánico José Celestino Mutis,
Fecha de publicación, distribución, etc. 2005.
300 ## - DESCRIPCION FISICA
Extensión 95 p.
Otros detalles físicos il.
Dimensiones 28 cm.
650 #6 - ASIENTO SECUNDARIO DE MATERIA - TERMINO TEMATICO
Término temático o nombre geográfico como elemento de entrada Educación ambiental
Subdivisión geográfica Colombia
650 #6 - ASIENTO SECUNDARIO DE MATERIA - TERMINO TEMATICO
Término temático o nombre geográfico como elemento de entrada Arborización
Subdivisión geográfica Colombia
650 ## - ASIENTO SECUNDARIO DE MATERIA - TERMINO TEMATICO
Término temático o nombre geográfico como elemento de entrada Jardines Botánicos
Subdivisión general planes institucionales
700 1# - ASIENTO SECUNDARIO - NOMBRE PERSONAL
Nombre personal Molano-Niño, Alba Carolina
700 1# - ASIENTO SECUNDARIO - NOMBRE PERSONAL
Nombre personal Espinoza, Marco Tulio
942 ## - ELEMENTOS ADICIONALES (KOHA)
Sistema de clasificación Dewey Decimal Classification
Tipo de ítem Libro
Existencias
Withdrawn status Lost status Sistema de Clasificación Damaged status No para préstamo Colección Inventariado Ubicación Permanente Ubicación actual Fecha de adquisición Total Checkouts Número topográfico Inventario / Código de Barras Date last seen Ejemplar Price effective from Forma de adquisición Tipo de material
    Dewey Decimal Classification     General Inventariado 2017 Bogotá Bogotá 08/11/2014   LB-634.92 R69p 038425 08/11/2014 Ej. 1 08/11/2014 Canje Libro